| 000 | 01758nam a2200121Ia 4500 | ||
|---|---|---|---|
| 008 | 220620s9999||||xx |||||||||||||| ||und|| | ||
| 245 | 0 | _aMineralogical Crystallography | |
| 546 | _aEnglish[eng] | ||
| 650 | _agalenobismutite||high pressure||single-crystal X-ray synchrotron diffraction||equation of state||calcium ferrite structure type||lone electron pair||vaterite||calcium carbonate||polymorph||precipitation||synthesis||carbonation||pathogen crystallization||biomimetic synthesis||renal stone||calcium oxalate||apatite||brushite||struvite||octocalcium phosphate||whitlockite||Escherichia coli||Klebsiella pneumoniae||Pseudomonas aeruginosa||Staphylococcus aureus||uranyl||selenite||selenate||crystal structure||topology||structural complexity||demesmaekerite||guillemenite||haynesite||coesite||high-temperature Raman||FTIR spectrum||single crystal structure||isobaric Grüneisen parameters||OH-stretching modes||strontium oxalate||solid solutions||ionic substitutions||weddellite||whewellite||X-ray powder diffraction||scanning electron microscopy||EDX spectroscopy||hydroxy-hydrate||sulfate||cesium||schoepite||krasnoshteinite||zeolite-like borate||hydrous aluminum chloroborate||new mineral||microporous crystalline material||evaporitic salt rock||Verkhnekamskoe potassium salt deposit||Perm Krai||anatomy||Cactaceae||oxalate||silica||stem||stanfieldite||phosphate||merrillite||meteorite||pallasite||mesosiderite||luminophore||bioceramics||powder diffraction||Raman spectroscopy||Kamchatka||hot springs||pyrite||complexity of crystal habits||Mars||mineral||crystallography||crystal chemistry||X-ray diffraction||crystal growth||mineral evolution | ||
| 700 | _aGurzhiy, Vladislav V. | ||
| 856 | _uhttps://mdpi.com/books/pdfview/book/2952 | ||
| 942 | _cEB | ||
| 999 |
_c31616 _d31616 |
||